000 00439nam a2200145Ia 4500
008 220216s9999 xx 000 0 und d
100 _aScott G
245 0 _aPro-oxidant and antioxidant mechanisms in polymer technology
260 _bRubber Research Institute of Ceylon Quarterly Journal
_c1971
300 _a19-Jan
650 _aAnti-oxidant mechanism
650 _aPolymer technology
650 _aPro-oxidant mechanism
942 _cJS
999 _c65948
_d65948